000 00913cam a22002891 4500
001 ne 65002631
003 DLC
005 20260227111819.0
008 890804m19581963xx 000 0 ara
010 _ane 65002631
035 _a(OCoLC)23519360
040 _aDLC
_cMiU
_dDLC
050 0 0 _aZ3366
_b.M8
100 1 _aMushār, Khānbābā,
_d1900 or 1901-
245 1 0 _aFihrist-i kitābhā-yi chāpī-i Fārsī.
260 _c[1958-63]
300 _a2 v.
_c25 cm.
490 1 _a#
_v96
490 1 _a#
_v157 56
500 _aAdded t.p.: A bibliography of books printed in Persian, compiled by Khān Bābā Moshār.
505 1 _a#
650 0 _aPersian literature
_xBibliography
651 0 _aIran
_xImprints.
740 0 _aBibliography of books printed in Persian.
830 0 _aMajmūʻah-ʼi Īrānʹshināsī.
_v9 [etc.]
830 0 _aIntishārāt-i Bungāh-i Tarjamah va Nashr-i Kitāb.
_v56 [etc.]
999 _c48590
_d48590